plus gros flop de l'histoire du fc barcelone - Statistiques

Statistiques générales
  • Ce quiz a été pris 168 fois
  • Le résultat moyen est 9 sur 20
Statistiques - réponses
saison transfert venant de : noms % Correct
2019/20 100 000 000$ atletico madrid antoine griezmann
87%
2017/18 120 000 000$ borussia dortmund ousmane dembélé
87%
2017/18 180 000 000$ liverpool philippe coutinho
84%
2021/22 55 000 000$ manchester city ferran torres
71%
2020/21 65 000 000$ juventus miralem pjanic
62%
2023/24 3 400 000$ girona cf oriol romeu
62%
2018/19 41 000 000$ bordeaux Malcom
58%
2009/10 60 000 000$ inter milan zlatan ibrahimovic
50%
2019/20 18 000 000$ leganés martin braithwaite
45%
2017/18 40 000 000$ gz evergrande paulinho
43%
2020/21 34 000 000$ sc braga trincao
36%
2018/19 35 000 000$ seville fc clement lenglet
34%
2016/17 35 000 000$ benfica nelson semedo
33%
2020/21 21 000 000$ ajax amsterdam sergino dest
33%
2016/17 35 000 000$ valence cf andre gomes
32%
2015/16 34 000 000$ atletico madrid arda turan
32%
2019/20 20 000 000$ real betis junior firpo
17%
2016/17 19 000 000$ arsenal Thomas Vermaelen
11%
2017/18 12 000 000$ everton fc gerard deulofeu
8%
2003/04 6 000 000$ sporting cp ricardo quaresma
4%
Aucun quiz correspondant
Distribution des résultats
% des personnes avec chaque résultat
Percentile par nombre de réponses
Votre historique - résultats
Vous n’avez pas pris ce quiz